| 000 | 00349cam a2200145ua 4500 | ||
|---|---|---|---|
| 041 |
_aeng _h |
||
| 082 |
_a891.54 _bGAN/KU |
||
| 100 | _aGandhiji, . | ||
| 245 |
_aKudharthi Upachar / _cGandhiji. _hTextual Documents |
||
| 260 |
_a : _bNavajivan publishing house , _c1961. |
||
| 300 | _a74 ; . | ||
| 504 | _a | ||
| 942 | _cBK | ||
| 999 |
_c11796 _d11796 |
||